| 000 | 00570nam a2200133Ia 4500 | ||
|---|---|---|---|
| 001 | 2038 | ||
| 008 | 241024s9999 xx 000 0 und d | ||
| 082 | _aRD/370.97293/R426a/3/2011 | ||
| 100 | _aRepública Dominicana.Ministerio de Educación.Consejo Nacional de Educación | ||
| 245 | 0 | _aActa Sesión Ordinaria 22 de junio 2011.Selección de Maestros Meritorios en el Marco del mes del Regocijo Magisterial e Información sobre diferentes resoluciones de caracter técnico-pedagógico | |
| 260 |
_bSanto Domingo _c2011 |
||
| 901 | _a26/12/2011 11:31:21 a.m. | ||
| 999 |
_c9112 _d9112 |
||